Seamless teamwork: (Record no. 28844)

MARC details
000 -LEADER
fixed length control field 00878nim a22002177a 4500
005 - DATE AND TIME OF LATEST TRANSACTION
control field 20090801155153.0
008 - FIXED-LENGTH DATA ELEMENTS--GENERAL INFORMATION
fixed length control field 070328s2005 ii nnn| a | eng
010 ## - LCCN (DPL NO)
LC control number ENG-94617
020 ## - INTERNATIONAL STANDARD BOOK NUMBER
International Standard Book Number 9788120337343
Terms of availability 295.00
035 ## - SYSTEM CONTROL NUMBER
System control number EN-78150
037 ## - SOURCE OF ACQUISITION
Source of stock number/acquisition DBAD / PUB
040 ## - CATALOGING SOURCE
Original cataloging agency dpl
Language of cataloging English
082 ## - DEWEY DECIMAL CLASSIFICATION NUMBER
Classification number 006.78
100 ## - MAIN ENTRY--PERSONAL NAME
Personal name Sampson, Michael
245 ## - TITLE STATEMENT
Title Seamless teamwork:
Remainder of title using Microsoft sharepoint technologies to collaborate, innovate, and drive business in New ways /
Statement of responsibility, etc by Michale Sampson
260 ## - PUBLICATION, DISTRIBUTION, ETC. (IMPRINT)
Place of publication, distribution, etc New Delhi
Name of publisher, distributor, etc PHI Learning
Date of publication, distribution, etc 2008
270 ## - ADDRESS
Address M-97, Connaught Circus
City New Delhi
Postal code 110001
300 ## - PHYSICAL DESCRIPTION
Extent xvi, 286p.
Dimensions 25cm(pbk)
942 ## - ADDED ENTRY ELEMENTS (KOHA)
Source of classification or shelving scheme Dewey Decimal Classification
Item type English Books
Classification part 006.78
Call number suffix SAM
Holdings
Withdrawn status Lost status Source of classification or shelving scheme Damaged status Not for loan Collection code Home library Current library Date acquired Source of acquisition Cost, normal purchase price Total Checkouts Full call number Barcode Date last seen Copy number Cost, replacement price Koha item type
    Dewey Decimal Classification   Not For Loan Non-fiction D.B.Act.Division D.B.Act.Division 01/08/2009 DBAD / PUB 295.00   006.78 SAM EN-78150 01/08/2009 1 295.00 English Books

© Delhi Public Library
Hit Counter
free hit counter